000 00295nam a2200109Ia 4500
008 220204s9999 xx 000 0 und d
082 _a338.45(058)(547.1MAH)
_bDIR
245 0 _aDirectory of Bombay-Thane industrial estates
250 _aEd.2
260 _aBombay
_bMedia Agency
_c1990
942 _cBK
999 _c40289
_d40289